| 000 | 00727nam a2200253 a 4500 | ||
|---|---|---|---|
| 999 |
_c5056 _d5056 |
||
| 001 | 5056 | ||
| 003 | BD-JhCC | ||
| 005 | 20171207173602.0 | ||
| 008 | 080214s2008 enka 000 0 eng d | ||
| 020 | _a9780718153823 (hbk.) | ||
| 020 | _a0718153820 (hbk.) | ||
| 035 | _a(BD-JhCC)5056 | ||
| 040 |
_aStDuBDS _cStDuBDS _dBD-JhCC |
||
| 041 | _aeng | ||
| 082 | 0 | 4 |
_a904 _222 _bOLI 2008 |
| 100 | 1 |
_aOliver, Neil, _d1967- |
|
| 245 | 1 | 0 |
_aAmazing tales for making men out of boys / _cNeil Oliver. |
| 260 |
_aLondon : _bMichael Joseph, _c2008. |
||
| 300 |
_axvii, 365 p. : _bcol. ill. ; _c24 cm. |
||
| 650 | 0 |
_aAdventure and adventurers _xHistory. |
|
| 650 | 0 | _aWorld history. | |
| 650 | 0 |
_aSurvival _xHistory. |
|
| 942 |
_2ddc _cBK |
||